THEORIES OF COUNSELLING AND PSYCHOTHERAPY (Record no. 19381)
[ view plain ]
| 000 -LEADER | |
|---|---|
| fixed length control field | 00361nam a22001577a 4500 |
| 003 - CONTROL NUMBER IDENTIFIER | |
| control field | SGT |
| 020 ## - INTERNATIONAL STANDARD BOOK NUMBER | |
| International Standard Book Number | 9789332557895 |
| 082 ## - DEWEY DECIMAL CLASSIFICATION NUMBER | |
| Classification number | 616.8914.SEL |
| 100 ## - MAIN ENTRY--PERSONAL NAME | |
| Personal name | SELIGMAN, LINDA |
| 245 ## - TITLE STATEMENT | |
| Title | THEORIES OF COUNSELLING AND PSYCHOTHERAPY |
| 250 ## - EDITION STATEMENT | |
| Edition statement | 4TH |
| 260 ## - PUBLICATION, DISTRIBUTION, ETC. (IMPRINT) | |
| Place of publication, distribution, etc | NOIDA (UP) |
| Name of publisher, distributor, etc | PEARSON |
| Year of Publication | 2018 |
| 300 ## - PAGE DESCRIPTION | |
| No. of Pages | 539 |
| 650 ## - SUBJECT ADDED ENTRY--TOPICAL TERM | |
| Topical term or geographic name as entry element | PSYCHOTHERAPY |
| 942 ## - ADDED ENTRY ELEMENTS (KOHA) | |
| Source of classification or shelving scheme | Dewey Decimal Classification |
| Koha item type | Books |
| 942 ## - ADDED ENTRY ELEMENTS (KOHA) | |
| -- | 66 |
| Withdrawn status | Lost status | Source of classification or shelving scheme | Damaged status | Not for loan | Collection code | Home library | Current library | Shelving location | Date acquired | Vendor Name | Cost, normal purchase price | SGTU | Bill Number | Total Checkouts | Total Renewals | Full call number | Accession No. (Barcode) | Checked out | Date last seen | Date last borrowed | Bill Date | Koha item type |
|---|---|---|---|---|---|---|---|---|---|---|---|---|---|---|---|---|---|---|---|---|---|---|
| Dewey Decimal Classification | ENGINEERING | SGT Engineering Library | SGT Engineering Library | Text Book | 04/11/2019 | AHUJA BOOK COMPANY PVT. LTD . | 729.00 | SGTU | 11497 | 46 | 6 | 616.8914.SEL | FE7639 | 24/11/2025 | 25/09/2025 | 25/09/2025 | 19/10/2019 | Books | ||||
| Dewey Decimal Classification | ENGINEERING | SGT Engineering Library | SGT Engineering Library | Text Book | 04/11/2019 | AHUJA BOOK COMPANY PVT. LTD . | 729.00 | SGTU | 11497 | 46 | 2 | 616.8914.SEL | FE7640 | 07/05/2026 | 07/05/2026 | 19/10/2019 | Books |